| 000 | 00758nam a2200217Ii 4500 | ||
|---|---|---|---|
| 003 | JO-AjNU | ||
| 008 | 230605s9999||||xx |||||||||||||| ||und|| | ||
| 017 | _a1989/9/577 | ||
| 040 |
_aJO-AjNU _bara _erda _cJO-AjNU |
||
| 041 | _aara | ||
| 050 | 1 | 4 | _aDS35.687.M8522 1992 |
| 100 | 3 |
_aالمومني، أحمد محمد خلف, _eauthor _919840 |
|
| 245 | 0 | 0 | _aمعارك الاردن الخالدة: محاضرات في الدراسات الاستراتيجية |
| 250 | _aط1 | ||
| 264 | 3 | 1 | _aعمان: دا حنين، 1992 |
| 300 |
_a242ص _bخرائط توضيحية |
||
| 336 |
_atext _btxt _2rdacontent |
||
| 337 |
_aunmediated _bn _2rdamedia |
||
| 338 |
_avolume _bnc _2rdacarrier |
||
| 650 | 4 |
_aالاردن- حياة عسكرية -تاريخ _919841 |
|
| 999 |
_aA6618 _c10186 _d10186 |
||